France National Team All-Time XI - Statistics

General Stats
  • This quiz has been taken 305 times
  • The average score is 10 of 13
Answer Stats
Position Period Player % Correct
FW 2017- Kylian Mbappé
97%
MF 1994-2006 Zinedine Zidane
95%
Coach 2012- Didier Deschamps
93%
FW 1997-2010 Thierry Henry
91%
MF 1976-87 Michel Platini
87%
GK 1994-2006 Fabien Barthez
81%
DF 1993-2004 Marcel Desailly
76%
DF 1994-2008 Lilian Thuram
75%
DF 1989-2000 Laurent Blanc
73%
MF 1997-2009 Patrick Vieira
66%
FW 1953-60 Just Fontaine
60%
DF 1992-2004 Bixente Lizarazu
57%
12th player 1952-62 Raymond Kopa
44%
No matching quizzes found
Score Distribution
Percent of People with Each Score
Percentile by Number Answered
Your Score History
You have not taken this quiz